[Event "16PCR_F"]
[Site "?"]
[Date "2006.??.??"]
[Round "?"]
[White "Struzka, Vlastimil"]
[Black "Mikoska, Josef"]
[Result "1-0"]
[WhiteElo "2094"]
[BlackElo "2134"]
[PlyCount "137"]
[EventDate "2006.??.??"]
[EventType "corr"]
[SourceDate "2007.01.09"]

1. d4 Nf6 2. Nf3 g6 3. e3 Bg7 4. Bd3 O-O 5. e4 d6 6. O-O c5 7. c3 cxd4 8. cxd4
Nc6 9. Nc3 Bg4 10. Be3 e5 11. Be2 exd4 12. Nxd4 Bxe2 13. Ndxe2 Re8 14. Ng3 Rc8
15. Rc1 a6 16. Qd2 Ng4 17. Bf4 Qa5 18. Nge2 Re6 19. Qc2 Nb4 20. Qb1 g5 21. Bg3
Nc6 22. Rfd1 Qd8 23. a3 Qf8 24. b3 Be5 25. Nd5 Qh6 26. Qd3 Rd8 27. b4 Kh8 28.
h3 Nf6 29. Ne3 Qf8 30. f3 Nh5 31. Nf5 Nxg3 32. Nexg3 Rd7 33. Nf1 Ne7 34. N1e3
Nxf5 35. Nxf5 Qd8 36. Qd5 Bf6 37. Rd2 Re5 38. Qb3 Re8 39. Qd1 Be5 40. Rcc2 f6
41. Kh1 Qb6 42. Rd5 Ra8 43. h4 Qd8 44. g3 Qe8 45. Qc1 Qg6 46. Rd3 Rg8 47. Rc8
b5 48. hxg5 fxg5 49. Qc6 Qe6 50. Qxa6 Rdg7 51. Rc2 Bxg3 52. Qxb5 Be5 53. Qd5
Qxd5 54. Rxd5 Ra7 55. Ra5 Rxa5 56. bxa5 Ra8 57. a6 h5 58. Rc6 Kh7 59. Nxd6 Kg7
60. Nb5 g4 61. Kg2 gxf3+ 62. Kxf3 h4 63. Kg4 Bg3 64. a7 Kf7 65. Rb6 Ke7 66.
Rb7+ Ke6 67. a4 Kf6 68. Rb6+ Kg7 69. Kf5 1-0

[Event "16PCR_F"]
[Site "?"]
[Date "2006.??.??"]
[Round "?"]
[White "Trs, Jan"]
[Black "Mikoska, Josef"]
[Result "0-1"]
[WhiteElo "2252"]
[BlackElo "2134"]
[PlyCount "72"]
[EventDate "2006.??.??"]
[EventType "corr"]
[SourceDate "2007.01.09"]

1. c4 Nf6 2. Nc3 e5 3. Nf3 Nc6 4. g3 Bc5 5. Bg2 O-O 6. Nxe5 Bxf2+ 7. Kxf2 Nxe5
8. b3 c6 9. d4 Neg4+ 10. Kg1 Re8 11. e4 d5 12. cxd5 cxd5 13. h3 dxe4 14. hxg4
Bxg4 15. Qe1 Qxd4+ 16. Be3 Qe5 17. Bf4 Qe6 18. Rc1 Rad8 19. Qe3 Rd3 20. Qxa7 e3
21. Kh2 Rd2 22. Nb1 Rf2 23. Bxe3 Qxe3 24. Qxe3 Rxe3 25. Rhf1 Rxa2 26. Nc3 Rd2
27. b4 h5 28. Kh1 b6 29. Bc6 Bh3 30. Rxf6 gxf6 31. Na4 Bg4 32. Nxb6 Bd1 33. Bg2
Rxg3 34. Nc4 Rgxg2 35. Rxd1 Rxd1+ 36. Kxg2 Rd4 0-1

[Event "16PCR_F"]
[Site "?"]
[Date "2006.??.??"]
[Round "?"]
[White "Tyrlik, Jaroslav"]
[Black "Mikoska, Josef"]
[Result "1/2-1/2"]
[WhiteElo "2076"]
[BlackElo "2134"]
[PlyCount "100"]
[EventDate "2006.??.??"]
[EventType "corr"]
[SourceDate "2007.01.09"]

1. d4 Nf6 2. Nf3 d5 3. c4 e6 4. e3 Be7 5. Be2 O-O 6. O-O b6 7. Nc3 Bb7 8. cxd5
Nxd5 9. Qc2 Nxc3 10. bxc3 Nd7 11. Bd3 Bxf3 12. gxf3 Bd6 13. f4 Qh4 14. f3 f5
15. Kh1 c6 16. Rg1 Kh8 17. Qg2 Rf7 18. a4 Qh5 19. a5 b5 20. c4 a6 21. Rb1 Nf6
22. Bd2 Rd8 23. Qf2 Rfd7 24. Rb2 Qf7 25. Qe2 Ne8 26. Rb3 Rb7 27. Be1 Nf6 28.
Bh4 Be7 29. Rbb1 Rdb8 30. Bg5 Bd8 31. Qa2 h6 32. Bxf6 Bxf6 33. Rbc1 b4 34. c5
b3 35. Qb2 Qh5 36. Rg3 Rb4 37. Rc4 Qf7 38. Rxb4 Rxb4 39. Rg1 Qh5 40. Be2 g5 41.
Qc3 Rb7 42. fxg5 hxg5 43. Qc4 b2 44. Qxe6 b1=Q 45. Qxf6+ Kg8 46. Qe6+ Kg7 47.
Rxb1 Rxb1+ 48. Kg2 Rb2 49. Qe5+ Kg8 50. Kf1 Qh3+ 1/2-1/2

[Event "16PCR_F"]
[Site "?"]
[Date "2006.??.??"]
[Round "?"]
[White "Stika, Vaclav"]
[Black "Mikoska, Josef"]
[Result "1/2-1/2"]
[WhiteElo "2142"]
[BlackElo "2134"]
[PlyCount "74"]
[EventDate "2006.??.??"]
[EventType "corr"]
[SourceDate "2007.01.09"]

1. e4 e5 2. Nf3 Nc6 3. Bb5 a6 4. Ba4 Nf6 5. O-O Be7 6. Re1 b5 7. Bb3 d6 8. c3
O-O 9. h3 Nb8 10. d4 Nbd7 11. Nbd2 Bb7 12. Bc2 Re8 13. Nf1 Bf8 14. Ng3 g6 15.
a4 c5 16. d5 c4 17. Be3 Qc7 18. Qe2 Nc5 19. Ra3 Rec8 20. Nd2 Bg7 21. Rea1 Rf8
22. Qf3 Nfd7 23. axb5 axb5 24. Rxa8 Rxa8 25. Rxa8+ Bxa8 26. Qe2 Qa5 27. b4 cxb3
28. Nxb3 Nxb3 29. Bxb3 Nc5 30. Bd1 b4 31. cxb4 Qxb4 32. Qa2 Bb7 33. Qa7 Bf8 34.
Kh2 Bc8 35. Qc7 Qb7 36. Qd8 Qd7 37. Qb6 Qb7 1/2-1/2